| 000 | 01190cam a22003134a 4500 | ||
|---|---|---|---|
| 001 | 17021589 | ||
| 005 | 20140403111414.0 | ||
| 008 | 111026s2012 xxu frb 001 0 eng d | ||
| 010 | _a2011043124 | ||
| 020 | _a9781588268051 (hc : alk. paper) | ||
| 020 | _a1588268055 (hc : alk. paper) | ||
| 040 |
_aDLC _beng _cDLC _dYDXCP _dBTCTA _dAFQ _dDLC |
||
| 043 |
_an-us--- _aa-ko--- |
||
| 082 | 0 | 4 |
_a355.0310973095195 _222 _bUSS |
| 245 | 0 | 4 |
_aThe US-South Korea alliance : _bmeeting new security challenges / _cedited by Scott Snyder. |
| 260 |
_aBoulder, United States ; _aLondon : _bLynne Rienner Publishers, _c2012. |
||
| 300 |
_avii, 293 p. ; _c24 cm. |
||
| 500 | _aIndex : p. 273-291. | ||
| 504 | _aIncludes bibliographical references. | ||
| 504 | _aBibliography : p. 257-267. | ||
| 650 | 0 |
_aNational interest _zUnited States _935872 |
|
| 650 | 0 |
_aNational interest _zKorea (South) _935873 |
|
| 651 | 0 |
_aUnited States _xForeign relations _zKorea (South) _935874 |
|
| 651 | 0 |
_aKorea (South) _xForeign relations _zUnited States _935875 |
|
| 653 |
_bBUSBOL _cApril2014 |
||
| 655 |
_vreading book _934232 |
||
| 700 | 1 |
_aSnyder, Scott, _d1964- _935871 _eeditor. |
|
| 942 |
_2ddc _k355.0310973095195 USS |
||
| 999 |
_c18204 _d18176 |
||